zpět

Detail výsledku týmu

Sportbar Penalta, Přerov

Datum a čas kvízu

31 Celkem bodů Celkový počet nahraných bodů na tomto kvízu bez doplňovacích otázek.
6. Pořadí na kvízu Konečné umístění týmu na tomto kvízu.

Zaznamenané odpovědi

# Otázka Odpověď Body Výsledky
1. V neděli byla slavnostně otevř... sv. Jakub 0
2. V úterý byla slavnostně spuště... Etiopie 0
3. 44letý český dirigent Jakub Hr... v Londýně 0
4. 81letý americký podnikatel Lar... Oracle 0
5. Čeští volejbalisté si po dlouh... Filipíny 1
6. V tomto tématu se budeme zabýv... děda - vnuk 1
7. Chronologicky seřaďte vybrané... 1D 2B 3C 4A 1
8. Která z uvedených osobností je... A 0
9. V této otázce nás bude zajímat... Vratislav (I.) 0
10. Přiřaďte příbuzenské vztahy vy... 1C 2A 3D 4B 1